000 00784nam a2200277Ia 4500
003 OSt
005 20220925223148.0
006 a|||||r|||| 00| 0
007 ta
008 220923b |||||||| |||| 00| 0 eng d
020 _a0415281083
037 _cGeneral Book
040 _aRTL
_cRTL
_beng
041 _2eng
_aeng
082 _aR2, P3
100 _aAudi Robert
_916873
245 0 _aEpistemology
_b A contemporary introduction to the theory of knowledge
250 _a2nd
260 _aLondon
_bRoutledge
_c2003
300 _axvi, 352p
_ccm.
490 _aRoutledge Contemporary Introduction to Philosophy
500 _aBibliography: P 339-46
650 _aEpistemology
942 _hR2, P3
_cGB
_2CC
999 _c578806
_d578806